| 000 | 01234 a2200253 4500 | ||
|---|---|---|---|
| 001 | 36174 | ||
| 005 | 20260407155638.0 | ||
| 008 | 260407a1998 arg spa d | ||
| 003 | AR-UNSa-BCEJYS | ||
| 040 |
_aAR-UNSa-BCEJYS _bspa _cAR-UNSa-BCEJYS |
||
| 080 |
_a658.012.2 _xPlanificación. Programas. Planes. Medidas de apoyo a la planificación( Administración estratégica...) |
||
| 245 | 1 | 0 |
_aEstrategias empresariales en tiempos de cambio _pEl desempeño industrial frente a nuevas incertidumbres |
| 020 | _a987-9173-26-0 | ||
| 264 | 1 |
_aBuenos Aires : _bUniversidad Nacional de Quilmes _c1998 |
|
| 300 |
_a211 p. _c20 cm. |
||
| 505 | _a1. Presentación - 2. Estrategias empresariales y ajuste industrial - 3. Apertura y estrategicas de las empresas, transnacionales en la industria argentina- 3. Lineas conceptuales ante evidencias microeconómicas de cambio estructural - 4. Consideraciones económicas sobre la política industial. | ||
| 942 | _cBK | ||
| 590 | _aniveau_biblio:m niveau_hierar:0 | ||
| 100 | 1 | _aKosacoff, Bernardo | |
| 700 | 1 | _aDal Bó, Ernesto | |
| 700 | 1 | _aPorta, Fernando | |
| 700 | 1 | _aRamos, Adrián | |
| 856 | 4 | 1 |
_uhttps://biblioeco.unsa.edu.ar/pmb/images/libros/L85660.jpg _yImagen de portada _qimage/jpeg |
| 999 |
_c2623 _d2623 |
||